000 00634nam a2200265Ia 4500
005 20260121172553.0
008 008 260114s9999 xx 000 0 eng d
020 _a9783030718886
037 _aEBOOK
040 _aCRL
040 _beng
040 _cCRL
041 _2eng
041 _aeng
084 _qCRL
100 _aM. Joseph Sirgy
_91090046
245 4 _aThe Psychology of Quality of Life
260 _bSpringer
260 _bSpringer
260 _c2021
856 _uhttps://link.springer.com/openurl?genre=book&isbn=978-3-030-71888-6
942 _cEBOOK
999 _c1655785
_d1655785